书目信息 |
| 题名: |
现代控制工程
|
|
| 作者: | 绪方胜彦 , Ogata, , 绪方胜彦Katsuhiko Ogata 著 | |
| 分册: | ||
| 出版信息: | 北京 清华大学出版社 2006.2 |
|
| 页数: | xv,964页 | |
| 开本: | 23cm | |
| 丛书名: | ||
| 单 册: | ||
| 中图分类: | O231-43 | |
| 科图分类: | ||
| 主题词: | 现代控制理论--xian dai kong zhi li lun--高等学校--教材--英文 | |
| 电子资源: | ||
| ISBN: | 7-302-12343-8 | |
| 000 | 01326nam0 2200325 45 | |
| 001 | 012006000794 | |
| 005 | 20061114093424.70 | |
| 010 | @a7-302-12343-8@dCNY79.00 | |
| 100 | @a20060518d2006 em y0chiy0121 ea | |
| 101 | 0 | @aeng@dchi@fchi@gchi |
| 102 | @aCN@b110000 | |
| 105 | @aak a 001yy | |
| 200 | 1 | @a现代控制工程@Axian dai kong zhi gong cheng@d= Modern control engineering@f(日)[绪方胜彦]Katsuhiko Ogata[著]@F(ri)[xu fang sheng yan]Katsuhiko Ogata[zhu]@zeng |
| 205 | @a影印版@b英文本 | |
| 210 | @a北京@c清华大学出版社@d2006.2 | |
| 215 | @axv,964页@c图@d23cm | |
| 300 | @a国际知名大学原版教材——信息技术学科与电气工程学系列 | |
| 305 | @a据原书第4版影印 | |
| 306 | @aPrentice Hall授权出版 | |
| 320 | @a有书目 (第952-955页)、索引 (第956-964页) | |
| 330 | @a本书共4个板块和12章内容, “引论和准备知识板块”、“系统建模板块”、“系统分析板块”、“系统设计板块”等。。 | |
| 333 | @a阅读对象: 科学工作者和技术人员 | |
| 510 | 1 | @aModern control engineering@zeng |
| 606 | 0 | @a现代控制理论@Axian dai kong zhi li lun@x高等学校@j教材@j英文 |
| 690 | @aO231-43@v4 | |
| 701 | 0 | @c(日)@a绪方胜彦@Axu fang sheng yan@4著 |
| 701 | 1 | @c(日)@aOgata,@bK.@g(Ogata, Katsuhiko)@4著 |
| 701 | 0 | @a绪方胜彦Katsuhiko Ogata@Axu fang sheng yan Katsuhiko Ogata@4著 |
| 801 | 0 | @aCN@c20061114 |
| 905 | @a10447@dO231-43@eX925 | |
| 现代控制工程= Modern control engineering/(日)[绪方胜彦]Katsuhiko Ogata[著].-影印版,英文本.-北京:清华大学出版社,2006.2 |
| xv,964页:图;23cm |
| 国际知名大学原版教材——信息技术学科与电气工程学系列.-使用对象:阅读对象: 科学工作者和技术人员 |
| ISBN 7-302-12343-8:CNY79.00 |
| 本书共4个板块和12章内容, “引论和准备知识板块”、“系统建模板块”、“系统分析板块”、“系统设计板块”等。。 |
| ● |
| 相关链接 |
|
|
|
正题名:现代控制工程
索取号:O231-43/X925
 
预约/预借
| 序号 | 登录号 | 条形码 | 馆藏地/架位号 | 状态 | 备注 |
| 1 | 638153 | 206381538 | 自科库401/401自科库 48排6列3层/ [索取号:O231-43/X925] | 在馆 | |
| 2 | 638154 | 206381547 | 自科库401/401自科库 48排6列3层/ [索取号:O231-43/X925] | 在馆 |